Deutscher Beton- und Bautechnik-Verein E. V. - Merkblätter: DBV-Merkblatt "Industrieböden aus Stahlfaserbeton" - Besonderheiten bei Bemessung und Konstruktion, Herstellung und Ausführung Fassung Juli 2013

Uložené v:
Podrobná bibliografia
Médium: Kniha
Jazyk:German
Vydavateľské údaje: Berlin: Deutscher Beton- und Bautechnik-Verein, 2013
Edícia:Bautechnik
Predmet:
Tagy: Pridať tag
Žiadne tagy, Buďte prvý, kto otaguje tento záznam!

MARC

LEADER 00000nam a22000003a 4500
001 0010382
003 SK-STU
005 20151216123247.1
007 ta
008 151216s ----xo-----e------000-0-----d
040 |a STU  |b slo 
041 0 |a ger  |h ger 
044 |a gw 
245 1 0 |a Deutscher Beton- und Bautechnik-Verein E. V. - Merkblätter:  |b DBV-Merkblatt "Industrieböden aus Stahlfaserbeton" - Besonderheiten bei Bemessung und Konstruktion, Herstellung und Ausführung  |p Fassung Juli 2013 
246 3 1 |a Steel Fibre Reinforced Industrial Concrete Floors - Special Features of the Design and Detailing, Production and Conformity 
260 |a Berlin:  |b Deutscher Beton- und Bautechnik-Verein,  |c 2013 
300 |a 31 s. 
490 0 |a Bautechnik 
650 0 7 |a betón 
650 0 7 |a stavebná mechanika 
650 0 7 |a oceľ 
996 |c V* 52274/O-23431  |d Fassung Juli 2013  |l VV14  |s P  |a 0  |w 0010382_0001